000 00570nam a22001937a 4500
008 131112b xxu||||| |||| 00| 0 ger d
020 _a3854282605
041 0 _ager
080 _a338
245 0 0 _aDer unternehmenskauf und seine abwicklung in der praxis /
_cEdith Nemec, Thomas Reicheneder (Hrsg.)
260 _aWien :
_bService Fachverlag ;
_c1994
300 _a584 f. :
_bme il. ;
_c24 cm.
500 _aVorwort : f. 27-29
650 _aBiznesi
650 _aKorporata
700 1 _aNemec, Edith (Hrsg.)
700 1 _aReicheneder, Thomas (Hrsg.)
942 _2udc
_cBK
999 _c275
_d275